000 00372 a2200157 4500
003 Nust
005 20230331091140.0
040 _cNust
082 _a808.83,MOR
100 _aMorley, Iris
_9111619
245 _aWe stood for freedom /
_cIris Morley,
260 _aPeter Davies
_bLondon
_c1941
300 _a313 p
650 _aDram
_9111620
942 _2ddc
_cBK
_k808.83,MOR
999 _c191014
_d191014